| 000 | 00646nam a2200193Ia 4500 | ||
|---|---|---|---|
| 003 | GCL | ||
| 008 | 140319s9999 xx 000 0 ara d | ||
| 040 |
_aGCL / _cGCL |
||
| 082 | 0 | 4 |
_a953.071 _bع ا |
| 100 | 1 | _aعصمت عبداللطيف دندش | |
| 245 | 1 | 0 |
_aالاندلس فى نهاية المرابطين ومستهل الموحدين عصر الطوائف الثانى / _cعصمت عبداللطيف دندش |
| 260 |
_a[S.N] : _bدار العربية للعلوم |
||
| 300 | _a524 ص | ||
| 490 | _a | ||
| 650 | 0 | 4 | _aالاندلس |
| 650 | 0 | 4 | _aالعرب فى اسبانيا |
| 650 | 0 | 4 | _aالمرابطون |
| 942 |
_2ddc _cBK |
||
| 999 |
_c41432 _d41432 |
||